000 00303nam a22001337a 4500
008 170504b xxu||||| |||| 00| 0 eng d
020 _a2900495809813
041 _aeng
080 _27 ED
_a343.9
100 _a13
101 _aSHJ
245 _aCRIMINAL LAW PROCEDURES
_cSCHEB.J.M
942 _2udc
_cBK
999 _c12627
_d12627